| 000 | 00986nam a2200229Ia 4500 | ||
|---|---|---|---|
| 003 | Ost | ||
| 005 | 20260507075645.0 | ||
| 008 | 260507s9999||||xx |||||||||||||| ||und|| | ||
| 020 | _a×687328977 | ||
| 040 | _cfsecg | ||
| 041 | _aara | ||
| 082 | _a346.02 | ||
| 100 |
_aقاسم، محمد حسن _eمؤلف |
||
| 245 | 0 |
_aمراحل التفاوض في عقد الميكنة المعلوماتية : _bدراسة مقارنة / _c محمد حسن قاسم |
|
| 260 |
_aالإسكندرية: _bدار الجامعة الجديدة للنشر, _c[د.ت.] |
||
| 300 |
_a323 صفحة؛ _bإيضاحات ؛ _c25 سم |
||
| 504 | _aالمراجع ص.295 كشاف مصطلحات ص.317 | ||
| 520 | _aتحديد الإحتياجات المعلوماتية، الدراسة الأولية وتنوير الرضاء التعاقدي، التعبير عن الإحتياجات المعلوماتية | ||
| 653 | _aالتفاوض | ||
| 653 | _aالمعلوماتية | ||
| 942 | _cكتاب | ||
| 999 |
_c45466 _d45466 |
||